| 000 | 00440nam a22001217a 4500 | ||
|---|---|---|---|
| 082 | _a220 PRO | ||
| 100 |
_aNC Haya Ali NC Nayab Javed NC Munadi Sial NC Saifullah _971478 |
||
| 245 | _aPR-SOF-1784-DEVELOPMENT OF AN AUTONOMOUS SEEDING MECHANISM | ||
| 260 |
_aISLAMABAD _bNUST COLLEGE OF EME _c2019 |
||
| 650 |
_a DE-MTS-37 DECLASS _971479 |
||
| 700 |
_a Supervisors Dr. Amir Hamza Lec Usman Asad Lec Muneeb Masood Raja _971480 |
||
| 942 | _cCR | ||
| 999 |
_c577977 _d577977 |
||